00369pab a2200145 454500008004000000100001900040245005500059260000900114300001200123362000800135650002400143650002400167650001600191773001600207180718b1998 xxu||||| |||| 00| 0 eng d aNaswa, Sumedha aEffects of modern agriculture on human environment c1998 ap.31-33 aNov aAgriculture - India aEnvironment - India aAgriculture aKurukshetra